[Event "Medellin Amateur op"]
[Site "Medellin"]
[Date "2011.04.24"]
[Round "8.18"]
[White "Rodriguez S, Jaime Alonso"]
[Black "Morales, Helio Fabio"]
[Result "1-0"]
[WhiteElo "1600"]
[BlackElo "1637"]
[PlyCount "81"]
[EventDate "2011.04.20"]
[EventType "swiss"]
[EventRounds "9"]
[EventCountry "COL"]
[SourceTitle "EXT 2024"]
[Source "ChessBase"]
[SourceDate "2023.10.10"]
[SourceVersion "1"]
[SourceVersionDate "2023.10.10"]
[SourceQuality "1"]

1. e4 c5 2. Nf3 e6 3. d3 Nc6 4. g3 g6 5. Bg2 Bg7 6. Qe2 Nge7 7. 0-0 0-0 8. c3 d5 9. e5 Nf5 10. Na3 a6 11. Nc2 b5 12. a3 Bb7 13. Ne3 Nfe7 14. Ng4 Nf5 15. Bg5 Qc7 16. Nf6+ Kh8 17. g4 Nfe7 18. Bf4 Bxf6 19. exf6 Qxf4 20. fxe7 Nxe7 21. h3 Nc6 22. Rae1 a5 23. d4 cxd4 24. Qxb5 Ba6 25. Qxc6 Bxf1 26. Kxf1 dxc3 27. Qxc3+ Kg8 28. Nd4 Rfc8 29. Qd3 Rc4 30. Ne2 Qc7 31. f4 Rb8 32. b3 Rc2 33. f5 exf5 34. gxf5 Rc8 35. fxg6 hxg6 36. Bxd5 Kh7 37. Qe4 Qd8 38. h4 Qf6+ 39. Kg1 Rxe2 40. Rxe2 Rc1+ 41. Kh2 1-0

[Event "Medellin Amateur op"]
[Site "Medellin"]
[Date "2011.04.23"]
[Round "6.19"]
[White "Correa, Octavio de Jesus"]
[Black "Rodriguez S, Jaime Alonso"]
[Result "0-1"]
[WhiteElo "1631"]
[BlackElo "1600"]
[PlyCount "47"]
[EventDate "2011.04.20"]
[EventType "swiss"]
[EventRounds "9"]
[EventCountry "COL"]
[SourceTitle "EXT 2024"]
[Source "ChessBase"]
[SourceDate "2023.10.10"]
[SourceVersion "1"]
[SourceVersionDate "2023.10.10"]
[SourceQuality "1"]

1. e4 e5 2. Nf3 Qe7 3. d3 Nf6 4. Nc3 c6 5. Bd2 d6 6. h3 a5 7. Ne2 h6 8. Ng3 Qc7 9. Be2 Nbd7 10. Nh4 g6 11. 0-0 Bg7 12. c3 Nf8 13. f4 exf4 14. Nh1 Qb6+ 15. Nf2 Qxb2 16. Nf3 g5 17. Nd4 Qb6 18. Ng4 Nxg4 19. Bxg4 Bxg4 20. Qxg4 Bxd4+ 21. cxd4 Qxd4+ 22. Kh1 Qxd3 23. Qf5 Ng6 24. Qf6 0-1

[Event "Medellin Amateur op"]
[Site "Medellin"]
[Date "2011.04.21"]
[Round "3.19"]
[White "Zuluaga, Silvio"]
[Black "Rodriguez S, Jaime Alonso"]
[Result "0-1"]
[WhiteElo "1685"]
[BlackElo "1600"]
[PlyCount "34"]
[EventDate "2011.04.20"]
[EventType "swiss"]
[EventRounds "9"]
[EventCountry "COL"]
[SourceTitle "EXT 2024"]
[Source "ChessBase"]
[SourceDate "2023.10.10"]
[SourceVersion "1"]
[SourceVersionDate "2023.10.10"]
[SourceQuality "1"]

1. e4 e5 2. Nf3 Qe7 3. Nc3 c6 4. Bc4 h6 5. 0-0 d6 6. h3 Nf6 7. d4 Nbd7 8. a4 a5 9. Re1 Qd8 10. Be3 Be7 11. Qe2 Qc7 12. Rad1 Nf8 13. Bb3 Ng6 14. Kh1 Nh7 15. Kg1 0-0 16. g4 Kh8 17. Kg2 Rd8 0-1